000
00312nam a22001337a 4500
008
170825b xxu||||| |||| 00| 0 eng d
020
_a
9780697085979
041
_a
eng
080
_2
3RD
_a
070
100
_a
39
101
_a
MED
245
_a
DYNAMICS OF INTERCULTURAL COMMUNICATION
_c
DODD,C,H
942
_2
udc
_c
BK
999
_c
25092
_d
25092